| 000 | 00000nam 2200000zi 4500 |
| 001 | 9.940176 |
| 003 | CaOODSP |
| 005 | 20240910134140 |
| 006 | m o d f |
| 007 | cr mn||||||||| |
| 008 | 240705e20240724onc ob f000 0 eng d |
| 020 | |a9780660726632 |q(statement) |
| 020 | |a9780660726656 |q(summary) |
| 040 | |aCaOODSP|beng|erda|cCaOODSP |
| 043 | |an-cn--- |
| 086 | 1 |aHP40-157/2024E-PDF |
| 086 | 1 |aHP40-157/2024-1E-PDF |
| 245 | 00|aUpdated recommendations on human papillomavirus (HPV) vaccines. |
| 246 | 17|aUpdated recommendations on HPV vaccines |
| 264 | 1|aOttawa, ON : |bPublic Health Agency of Canada = Agence de la santé publique du Canada, |cJuly 24, 2024. |
| 264 | 4|c©2024 |
| 300 | |a1 online resource (37 pages) + |esummary (5 pages) |
| 336 | |atext|btxt|2rdacontent |
| 337 | |acomputer|bc|2rdamedia |
| 338 | |aonline resource|bcr|2rdacarrier |
| 500 | |aIssued also in French under title: Mise à jour des recommandations sur les vaccins contre le virus du papillome humain (VPH). |
| 500 | |aTitle from cover. |
| 500 | |aOn cover: An Advisory Committee Statement (ACS), National Advisory Committee on Immunization (NACI). |
| 500 | |a"Pub.: 240331"--Page 1. |
| 500 | |a"Pub.: 240333"--Page 2 (summary). |
| 504 | |aIncludes bibliographical references (pages 29-37). |
| 650 | 0|aPapillomavirus vaccines|xGovernment policy|zCanada. |
| 650 | 0|aPapillomavirus diseases|xVaccination|xGovernment policy|zCanada. |
| 710 | 2 |aPublic Health Agency of Canada, |eissuing body. |
| 710 | 1 |aCanada. |bNational Advisory Committee on Immunization, |eissuing body. |
| 775 | 08|tMise à jour des recommandations sur les vaccins contre le virus du papillome humain (VPH).|w(CaOODSP)9.940175 |
| 856 | 40|qPDF|s564 KB|uhttps://publications.gc.ca/collections/collection_2024/aspc-phac/HP40-157-2024-eng.pdf|z(statement) |
| 856 | 40|qPDF|s337 KB|uhttps://publications.gc.ca/collections/collection_2024/aspc-phac/HP40-157-2024-1-eng.pdf|z(summary) |
| 856 | 4 |qHTML|sN/A|uhttps://www.canada.ca/en/public-health/services/publications/vaccines-immunization/national-advisory-committee-immunization-updated-recommendations-hpv-vaccines.html|z(statement) |
| 856 | 4 |qHTML|sN/A|uhttps://www.canada.ca/en/public-health/services/publications/vaccines-immunization/national-advisory-committee-immunization-summary-updated-recommendations-hpv-vaccines.html|z(summary) |
| 986 | |a240331 |
| 986 | |a240333 |